Statistics for General Knowledge Quiz #219

Click here to take the quiz!

General Stats

  • This quiz has been taken 29,847 times
    (29,803 since last reset)
  • The average score is 12 of 20

Answer Stats

QuestionAnswer% Correct
What animal is known as "simba" in the Swahili language?Lion
97%
Complete the song lyric:
"Hey, I just met you and this is crazy but here's my number so ..."
Call me, maybe
90%
Alphabetically, which country comes last in South America?Venezuela
90%
What style of hair did Bob Marley wear?Dreadlocks
81%
What is the capital of Scotland?Edinburgh
81%
What can you see running in the streets of Pamplona, Spain during
the Festival of San Fermin?
Bulls
76%
What appears on the Jolly Roger flag?Skull and crossbones
74%
On what part of your body would you find a "heart line", "Mercury line", and "fate line"?Palm
70%
What major city is located near the Cape of Good Hope?Cape Town
60%
What four letters can come before "winkle", "scope", and "meter"?Peri
60%
What family of seabirds has the longest wingspan of any bird (3.7 meters)?Albatross
54%
Who starred as Padmé Amidala in the Star Wars prequel trilogy?Natalie Portman
54%
In what type of card deck would you find cards named
the Hermit, the Fool, and the Hanged Man?
Tarot
54%
What element, starting with T, are light bulb filaments often made from?Tungsten
54%
What age of human prehistory is divided into the paleolithic, mesolithic, and neolithic?Stone Age
43%
Who was married to Lisa Marie Presley from 1994–96?Michael Jackson
42%
What island was known to the ancient Romans as Hibernia?Ireland
40%
What is the title of the leader of the United Nations?Secretary General
30%
What became, in 1999, the first file-sharing program to reach mainstream adoption?Napster
27%
What can be made using the Bessemer process?Steel
19%

Score Distribution

Percentile by Number Answered

Percent of People with Each Score

Your Score History

You have not taken this quiz since the last reset